000 00462cam a22001217a 4500
008 180718b-- xxu||||| |||| 00| 0 eng d
082 _aL906x5413 E
245 _aEpitome of CAG's reports on the government of Bihar
_cby Principal Accountant General (Audit), Bihar
260 _aPatna
_bPreincipal Accountant General (Audit)
_c--
500 _aLibrary has 2007/08, 2008/09
650 _aAuditing - India - Bihar
700 _aBihar. Principal Accountant General (Audit)
999 _c480670
_d480670